00963nam a22002417a 4500003000500000005001700005008004100022010001000063011001000073035001100083040000900094100003000103245022200133260004000355300003100395502007500426650005900501650001600560650003700576650003400613650003500647700003900682CHAP20220329143323.0080620s2008 mx a r 00010 spa d a94939 a95911 a106545 cCHAP1 aCruz Maya, María Edith.10aActividad fermentativa y digestibilidad in vitro de sustratos fibrosos por cultivos frescos y enriquecidos de bacterias ruminales de oveja, cabra y vacac/por María Edith Cruz Maya y Jesús Saúl Nicolás Morales aChapingo, Méx. :bEl autor,c2008 a69 h. :bgráfs., cuadros aTesis (Ing. Agr. Esp. en Zootecnia) -- UACH. Departamento de Zootecnia14aAlimentos y alimentación del ganadoxDigestibilidad.14aCinética.14aGanado cabríoxAlimentación.14aGanado lanarxAlimentación.14aGanado vacunoxAlimentación.1 aNicolás Morales, Jesús Saúl.